000 00796nam a2200253Ia 4500
003 OSt
005 20221005043708.0
006 a|||||r|||| 00| 0
007 ta
008 221004b |||||||| |||| 00| 0 eng d
020 _a9780670090302 (hbk)
_cINR 999.00
024 _a68366
037 _b1866, 12/03/2021, Bright Book Service
_cTextual
040 _aCRL
_cCRL
_beng
041 _2eng
_aeng
082 _aV2y7M83, Q9
100 _aSampath Vikram Au.
_9591814
245 0 _aSavarkar
_b echoes from a forgotten past 1883-1924
260 _aGurgaon
_bPenguin Random House India
_c2019
300 _axxi,575p.
_ccm.
650 _aINDIA - HISTORY
942 _hV2y7M83, Q9
_cTEXL
_2cc
999 _c952267
_d952267